000
00285nam a2200121Ia 4500
008
190216s9999||||xx |||||||||||||| ||und||
100
_a
Calicut University
245
0
_a
Gadya Kairali
260
_b
Calicut University Publications
300
_a
120
650
_a
Lekhanam
942
_c
BK
999
_c
26230
_d
26230